00891nam a2200241 a 450000100100000000500170001000800410002704000250006808200200009310000370011324500680015026000340021830000210025249000710027349000300034450000460037465000150042065000340043565000370046971000440050683000690055083000300061900001583020250924073801.0100219s1976 dr 000 0 spa d aDO-SdBNPbspacBNPHU a305.5633bD542e1 aDíaz Polanco, Héctor,d1944-10aEconomía y movimientos campesinos /cHéctor Díaz Polanco. aSanto Domingo :bUASD,c1976. a151 p. ;c23 cm.1 aPublicaciones de la Universidad Autónoma de Santo Domingo ;v2101 aHistoria y sociedad ;v26 aIncluye notas al final de los capítulos 0aCampesinos 4aMéxicoxCondiciones rurales 4aTrabajadores agricolaszMéxico1 aUniversidad Autónoma de Santo Domingo aPublicaciones de la Universidad Autónoma de Santo Domingov210 0aHistoria y sociedad ;n26